Ultimate interview / (Record no. 78670)

MARC details
000 -LEADER
fixed length control field 00740nam a22002297a 4500
005 - DATE AND TIME OF LATEST TRANSACTION
control field 20160107121910.0
010 ## - LCCN (DPL NO)
LC control number B-512397-407 ENG-114337
020 ## - INTERNATIONAL STANDARD BOOK NUMBER
International Standard Book Number 9780749464066
Terms of availability 250.00
035 ## - SYSTEM CONTROL NUMBER
System control number EN-97869
037 ## - SOURCE OF ACQUISITION
Stock number dpl
Source of stock number/acquisition BSB/Ven
037 ## - SOURCE OF ACQUISITION
Source of stock number/acquisition DBAD/PUB
082 ## - DEWEY DECIMAL CLASSIFICATION NUMBER
Classification number 650.144
100 ## - MAIN ENTRY--PERSONAL NAME
Personal name Williams, Lynn
245 ## - TITLE STATEMENT
Title Ultimate interview /
Statement of responsibility, etc by Lynn Williams
250 ## - EDITION STATEMENT
Edition statement 3rd ed
260 ## - PUBLICATION, DISTRIBUTION, ETC. (IMPRINT)
Place of publication, distribution, etc New Delhi
Name of publisher, distributor, etc Kogan Page
Date of publication, distribution, etc 2012
270 ## - ADDRESS
Address Kogan Page Ltd.,4737/23 Ansari road,Daryaganj,
City New Delhi
Postal code 110002
300 ## - PHYSICAL DESCRIPTION
Extent viii,223p.
Dimensions 23cm(pbk)
500 ## - GENERAL NOTE
General note Includes index
942 ## - ADDED ENTRY ELEMENTS (KOHA)
Source of classification or shelving scheme Dewey Decimal Classification
Item type English Books
Call number suffix WIL
Classification part 650.144
Holdings
Withdrawn status Lost status Not for loan Collection code Home library Current library Date acquired Source of acquisition Cost, normal purchase price Full call number Barcode Copy number Cost, replacement price Koha item type
      Non-fiction Bawana Bawana 11/11/2013 BSB/879/09.03.2013/169/08.03.2013/22.03.2013 250.00 650.144 WIL B-512405 1 250.00 English Books
  Written-off vide DLB M. No. 383 dt 16.05.19   Non-fiction Central Library Central Library 11/11/2013 BSB/879/09.03.2013/169/08.03.2013/22.03.2013 250.00 650.144 WIL B-512397 1 250.00 English Books
    Not For Loan Non-fiction D.B.Act.Division D.B.Act.Division 19/10/2015 DBAD/PUB 250.00 650.144 WIL EN-97869 1 250.00 English Books
      Non-fiction Janak Puri Janak Puri 11/11/2013 BSB/879/09.03.2013/169/08.03.2013/22.03.2013 250.00 650.144 WIL B-512402 1 250.00 English Books
      Non-fiction Kasturba Gandhi Marg Kasturba Gandhi Marg 11/11/2013 BSB/879/09.03.2013/169/08.03.2013/22.03.2013 250.00 650.144 WIL B-512399 1 250.00 English Books
      Non-fiction Narela Narela 11/11/2013 BSB/879/09.03.2013/169/08.03.2013/22.03.2013 250.00 650.144 WIL B-512406 1 250.00 English Books
      Non-fiction Patel Nagar Patel Nagar 11/11/2013 BSB/879/09.03.2013/169/08.03.2013/22.03.2013 250.00 650.144 WIL B-512398 1 250.00 English Books
      Non-fiction Peshwa Road Peshwa Road 11/11/2013 BSB/879/09.03.2013/169/08.03.2013/22.03.2013 250.00 650.144 WIL B-512400 1 250.00 English Books
      Non-fiction Sarojini Nagar Sarojini Nagar 11/11/2013 BSB/879/09.03.2013/169/08.03.2013/22.03.2013 250.00 650.144 WIL B-512403 1 250.00 English Books
  Written-off vide DLB M. No. 383 dt 16.05.19   Non-fiction Shahdara Branch Shahdara Branch 11/11/2013 BSB/879/09.03.2013/169/08.03.2013/22.03.2013 250.00 650.144 WIL B-512407 1 250.00 English Books
      Non-fiction Tri Nagar Tri Nagar 11/11/2013 BSB/879/09.03.2013/169/08.03.2013/22.03.2013 250.00 650.144 WIL B-512401 1 250.00 English Books
      Non-fiction Vinoba Puri Vinoba Puri 11/11/2013 BSB/879/09.03.2013/169/08.03.2013/22.03.2013 250.00 650.144 WIL B-512404 1 250.00 English Books

© Delhi Public Library
Hit Counter
free hit counter